| 000 | 00768nam a22002297a 4500 | ||
|---|---|---|---|
| 005 | 20240530110905.0 | ||
| 008 | 220223s2009 ua g 000 0 ara d | ||
| 017 |
_a2008/14288 _bمصر. دار الكتب |
||
| 020 | _a9789776310049 | ||
| 040 |
_aEG-CaGPL _cEG-CaGPL |
||
| 082 | 0 | 4 |
_221 _a303.4/ _bك أ |
| 100 | 0 | _aكمال غربال | |
| 245 | 1 | 0 |
_aالاقباط والليبرالية/ _cكمال غربال |
| 250 | _aط.11 | ||
| 260 |
_aالقاهرة : _bهفن للترجمة والنشر والبرمجيات، _c2009. |
||
| 300 |
_a273 ص. ؛ _c19 سم. |
||
| 650 | 0 | 7 |
_2qrmak _aالاقباط |
| 650 | 0 | 7 |
_2qrmak _aالاقباط _xالاحوال الاجتماعية |
| 651 | _2qrmak | ||
| 653 | 0 | _aالتيارات الفكرية | |
| 942 |
_2ddc _cBK |
||
| 999 |
_c66203 _d66203 |
||